Gender at Work : theory and practice for 21st century organizations /

Gespeichert in:
Bibliographische Detailangaben
1. Verfasser: Rao, Aruna (Verfasst von)
Weitere Verfasser: et al
Format: Buch
Sprache:Englisch
Veröffentlicht: London Routledge 2016
Ausgabe:1st ed.
Schlagworte:
Tags: Tag hinzufügen
Keine Tags, Fügen Sie das erste Tag hinzu!

MARC

LEADER 00000nam a22000003a 4500
001 0091192
003 SK-STU
005 20211029072458.0
007 ta
008 211029s ----xo-----e------000-0-----d
020 |a 978-1-138-91002-7 
040 |a STU  |b slo 
041 0 |a eng 
044 |a xxk 
100 1 |a Rao, Aruna  |4 aut 
245 1 0 |a Gender at Work :  |b theory and practice for 21st century organizations /  |c aut. Aruna Rao, et al 
250 |a 1st ed. 
260 |a London  |b Routledge  |c 2016 
300 |a 210 s. 
650 0 7 |a zamestnanosť žien 
650 0 7 |a diskriminácia v zamestnaní 
700 1 |a et al. 
996 |b 284M088867  |c M* 14518-1  |l MMKN  |s A  |a 24  |w 0091192_0001